Τεχνική διαγνωστική-προγνωστική

Αποθηκεύτηκε σε:
Λεπτομέρειες βιβλιογραφικής εγγραφής
Κύριος συγγραφέας: Δρακάτος, Παναγιώτης Α., 1936-
Μορφή: Βιβλίο
Γλώσσα:Greek
Δημοσίευση: Πάτρα : [χ. ό.], 1989.
Θέματα:
Ετικέτες: Προσθήκη ετικέτας
Δεν υπάρχουν, Καταχωρήστε ετικέτα πρώτοι!

MARC

LEADER 00000cam a2200000 i 4500
001 1/51744
008 040317s1989 gr | ||| |||| ||gre||
035 |l 10072804 
040 |a GR-MyUA  |b gre  |e AACR2 
041 0 |a gre 
082 0 |a 620.00452 
100 1 |a Δρακάτος, Παναγιώτης Α.,   |d 1936- 
245 1 0 |a Τεχνική διαγνωστική-προγνωστική /   |c Παναγιώτου Α. Δρακάτου.  
260 |a Πάτρα :   |b [χ. ό.],   |c 1989.  
300 |a xxiv [650] σ. :   |b σχέδια, πιν. ;   |c 24 εκ.  
505 8 |a Τ. 3. Ακουστική μηχανών ηχορύπανση.  
650 0 0 |a Reliability (Engineering) 
650 0 0 |a Noise control. 
740 0 |a Ακουστική μηχανών ηχορύπανση 
852 |a INST  |b SAMOS  |e 20040317  |h 620.00452 ΔΡΑ  |p 005300023404  |q 005300023404  |t BK  |v τ.3:  |y 0  |z τ.3 
853 |a INST  |b SAMOS  |h 620.00452 ΔΡΑ 
901 |a BIBL3-2004-1 
909 |a Σ  |b 107277 
970 |a ΜΑΛΑΓΑΡΗ  |b ΦΩΤΕΙΝΗ  |z 2004/03/17